000 00647nam a2200145Ia 4500
008 090122s9999 xx 000 0 und d
082 _b3315
_aO155:33(B)
100 _aचिपळूणकर
_bविष्णुशास्त्री
245 _aसुरस व चमत्कारिक गोष्टी भाग सहावा
600 _aचिपळूणकर
630 _aसुरस व चमत्कारिक गोष्टी भाग सहावा
700 _aचिपळूणकर
730 _aसुरस व चमत्कारिक गोष्टी भाग सहावा
942 _cBOOK
999 _c27393
_d27393